Current ideas in the works of radical economists

Súčasné inšpiratívne myšlienky v dielach predstaviteľov radikálnej politickej ekonómie. Umelo vyvolaná produkcia a potreba honby za ziskom a ekonomickým rastom za každú cenu je predmetom ostrej kritiky zo strany radikálnych ekonómov.

Saved in:
Bibliographic Details
Main Author: Matoušková, Eleonóra, 1962-
Format: Book Chapter
Language:English
Subjects:
Tags: Add Tag
No Tags, Be the first to tag this record!

MARC

LEADER 00000naa$a2200000$$$4500
001 0222959
005 20240502083554.4
041 0 |a eng 
044 |a BG 
245 1 0 |a Current ideas in the works of radical economists  |c Eleonóra Matoušková 
520 |a Súčasné inšpiratívne myšlienky v dielach predstaviteľov radikálnej politickej ekonómie. Umelo vyvolaná produkcia a potreba honby za ziskom a ekonomickým rastom za každú cenu je predmetom ostrej kritiky zo strany radikálnych ekonómov. 
610 2 0 |a ekonómovia 
610 2 0 |a teórie ekonomické 
610 2 0 |a ekonómia politická 
610 2 0 |a alokácia faktorov výrobných 
610 2 0 |a zisk 
610 2 0 |a produkcia 
610 2 0 |a spotreba 
610 2 0 |a distribúcia 
100 1 |a Matoušková, Eleonóra, 1962-